| 000 | 00391nam a22001457a 4500 | ||
|---|---|---|---|
| 020 | _a0-333-35917-8 | ||
| 082 | _a621.381 HAV'E | ||
| 100 |
_aWALTON, A. K, HAVILL, R. L _965693 |
||
| 245 | _aELEMENTS OF ELECTRONICS FOR PHYSICAL SCIENTISTS | ||
| 250 | _a2ND | ||
| 260 |
_aLONDON _bMACMILLAN _c1985 |
||
| 300 | _a464P | ||
| 650 |
_aELECTRONICS APPARTUS AND APPICATIONS _965694 |
||
| 942 | _cBK | ||
| 999 |
_c573832 _d573832 |
||